[Event "Lliga Catalana DH"]
[Site "Taula 6"]
[Date "2018.03.03"]
[Round "7.6"]
[White "Garrido Fernandez, Daniel"]
[Black "Quintas Galeano, Lluis"]
[Result "1/2-1/2"]
[WhiteElo "2304"]
[BlackElo "2227"]
[PlyCount "98"]
[EventDate "2018.??.??"]
[WhiteTeam "FOM"]
[BlackTeam "LLE"]

1. e4 g6 2. d4 Bg7 3. Nf3 d6 4. Bd3 Nc6 5. c3 Nf6 6. O-O e5 7. dxe5 dxe5 8. b4
a6 9. Qe2 O-O 10. Rd1 Qe7 11. a4 Rd8 12. Ba3 Qe8 13. b5 axb5 14. axb5 Na5 15.
Bb4 b6 16. Bxa5 bxa5 17. Nbd2 Nh5 18. Bc4 Nf4 19. Qf1 Be6 20. Nb3 Rxd1 21. Rxd1
Qe7 22. Bxe6 Nxe6 23. Qc4 a4 24. Ra1 a3 25. g3 Qd6 26. Ne1 Bf8 27. Nd3 Ng5 28.
h4 Ne6 29. Qd5 Qxd5 30. exd5 e4 31. Nb4 Bxb4 32. cxb4 Nf8 33. Nc5 Rb8 34. Nxe4
Rxb5 35. Nf6+ Kg7 36. Ne8+ Kg8 37. Nxc7 Rxb4 38. Rxa3 Nd7 39. Ra7 Nf6 40. d6
Rd4 41. Ra8+ Kg7 42. Rd8 h5 43. Kg2 Rd2 44. Kf3 Ng4 45. Ne8+ Kh6 46. Kg2 Rxf2+
47. Kg1 Rd2 48. d7 Rd1+ 49. Kg2 Rd2+ 1/2-1/2

[Event "Lliga Catalana DH"]
[Site "Taula 7"]
[Date "2018.03.03"]
[Round "7.7"]
[White "Sole Pijuan, Ferran"]
[Black "Llaneza Vega, Patricia"]
[Result "1/2-1/2"]
[WhiteElo "2226"]
[BlackElo "2298"]
[PlyCount "62"]
[EventDate "2018.??.??"]
[WhiteTeam "LLE"]
[BlackTeam "FOM"]

1. d4 Nf6 2. c4 g6 3. Nc3 Bg7 4. e4 d6 5. Bd3 O-O 6. Nge2 Nc6 7. O-O Nh5 8. Be3
e5 9. d5 Nd4 10. Bxd4 exd4 11. Nb5 c5 12. dxc6 bxc6 13. Nbxd4 Qb6 14. Nb3 a5
15. c5 dxc5 16. Qc2 a4 17. Nxc5 a3 18. Rab1 axb2 19. Na4 Qb4 20. Nxb2 Rxa2 21.
Nc4 Rxc2 22. Rxb4 Ra2 23. Nc1 Ra1 24. Nb3 Rxf1+ 25. Bxf1 Be6 26. Rb6 Nf6 27.
Nc5 Ng4 28. Ne3 Nxe3 29. Nxe6 fxe6 30. fxe3 Bh6 31. Rb3 Kg7 1/2-1/2

[Event "Lliga Catalana DH"]
[Site "Taula 8"]
[Date "2018.03.03"]
[Round "7.8"]
[White "Chalmeta Ugas, Jordi"]
[Black "Bruned Segura, Mario"]
[Result "0-1"]
[WhiteElo "2293"]
[BlackElo "2217"]
[PlyCount "78"]
[EventDate "2018.??.??"]
[WhiteTeam "FOM"]
[BlackTeam "LLE"]

1. d4 d6 2. c4 e5 3. Nc3 exd4 4. Qxd4 Nc6 5. Qd2 Nf6 6. b3 Bf5 7. f3 Qe7 8. e4
O-O-O 9. Bd3 d5 10. Qg5 Be6 11. exd5 Bxd5+ 12. Nge2 Be6 13. Bf5 Nd4 14. Bxe6+
Qxe6 15. Kf2 Nf5 16. g4 Bc5+ 17. Kg2 Ne3+ 18. Bxe3 Bxe3 19. Qf5 Qxf5 20. gxf5
Rhe8 21. Rad1 Bd2 22. Kf2 Re5 23. Nb5 a6 24. f4 Ng4+ 25. Kf3 Re3+ 26. Kxg4 Rxe2
27. Na3 Rd3 28. Rdg1 Rf2 29. Rg3 Rd4 30. Rf3 Rxf4+ 31. Rxf4 Rxf4+ 32. Kg3 Rxf5
33. Rd1 Bb4 34. Nc2 Bd6+ 35. Kg2 Rg5+ 36. Kf3 Rh5 37. Ne3 Rh3+ 38. Ke4 g6 39.
Nd5 f5+ 0-1

[Event "Lliga Catalana DH"]
[Site "Taula 9"]
[Date "2018.03.03"]
[Round "7.9"]
[White "Codina Garcia, Josep"]
[Black "De la Riva Aguado, Jordi"]
[Result "1/2-1/2"]
[WhiteElo "2189"]
[BlackElo "2309"]
[PlyCount "99"]
[EventDate "2018.??.??"]
[WhiteTeam "LLE"]
[BlackTeam "FOM"]

1. d4 d6 2. Nf3 g6 3. e4 Bg7 4. Bd3 a6 5. O-O Nd7 6. c3 Ngf6 7. Bg5 e5 8. dxe5
dxe5 9. Qe2 h6 10. Bh4 g5 11. Bg3 Nh5 12. Rd1 Nf4 13. Qf1 O-O 14. Bc2 Qe7 15.
Ne1 Nf6 16. f3 N6h5 17. Bf2 g4 18. Nd2 Qg5 19. fxg4 Bxg4 20. Ndf3 Qg6 21. Kh1
Bf6 22. Rd2 Rad8 23. Rad1 Rxd2 24. Rxd2 Kh8 25. Nh4 Bxh4 26. Bxh4 Rg8 27. Bf2
Nf6 28. Bd4 Qg5 29. Be3 Qh4 30. g3 Qh3 31. Qxh3 Nxh3 32. Bxh6 Be6 33. Be3 Ng4
34. Bg1 Nf6 35. Nf3 Nd7 36. Be3 Bg4 37. Kg2 f6 38. a3 Rg7 39. Ba4 b5 40. Bc2
Kh7 41. Ng1 Nxg1 42. Kxg1 Be6 43. Kg2 Kg6 44. h3 Kf7 45. g4 Ke7 46. Bd1 f5 47.
exf5 Bxf5 48. Kf3 Be6 49. Kg3 Nf6 50. Bf3 1/2-1/2

[Event "Lliga Catalana DH"]
[Site "Taula 10"]
[Date "2018.03.03"]
[Round "7.10"]
[White "Yepes Martinez, Eduard"]
[Black "Masague Artero, Guerau"]
[Result "0-1"]
[WhiteElo "2287"]
[BlackElo "2164"]
[PlyCount "76"]
[EventDate "2018.??.??"]
[WhiteTeam "FOM"]
[BlackTeam "LLE"]

1. d4 Nf6 2. Bg5 d5 3. Bxf6 gxf6 4. c4 c6 5. e3 e6 6. Nc3 Rg8 7. Nf3 dxc4 8.
Bxc4 Rxg2 9. Qc2 f5 10. O-O-O Nd7 11. e4 fxe4 12. Nxe4 Nf6 13. Ne5 Nd5 14. Rhg1
Ne3 15. Qd3 Rxg1 16. Rxg1 Nxc4 17. Qxc4 f5 18. Qe2 Qh4 19. Ng3 Qg5+ 20. Kc2 Bd7
21. h4 Qe7 22. Qh5+ Kd8 23. Re1 Kc7 24. Qf3 Qxh4 25. Nxd7 Kxd7 26. Nxf5 Qf6 27.
Re5 Bd6 28. Qh5 exf5 29. Qxh7+ Be7 30. Rxf5 Qe6 31. Rf3 Rg8 32. Rd3 Rg2 33. Rd2
Qg6+ 34. Qxg6 Rxg6 35. Kc3 Rg2 36. d5 c5 37. Kc4 Rg4+ 38. Kb5 Rb4+ 0-1

[Event "Lliga Catalana DH "]
[Site "?"]
[Date "2018.03.10"]
[Round "8.1"]
[White "Jerez Perez, Alfonso"]
[Black "Guerra Mendez, Jose Angel"]
[Result "0-1"]
[WhiteElo "2456"]
[BlackElo "2544"]
[PlyCount "78"]
[EventDate "2018.??.??"]
[SourceDate "2018.01.21"]
[WhiteTeam "FOM"]
[BlackTeam "PEC"]

1. e4 e5 2. Nf3 Nc6 3. Bc4 Bc5 4. O-O Nf6 5. d4 Bxd4 6. Nxd4 Nxd4 7. f4 d6 8.
fxe5 dxe5 9. Bg5 Qe7 10. c3 Ne6 11. Bxf6 gxf6 12. Kh1 Rg8 13. Na3 Rg6 14. Qd2
Nc5 15. Rae1 Be6 16. b4 Nd7 17. Bb3 O-O-O 18. Qe3 Kb8 19. Rd1 Qf8 20. Rd2 Nb6
21. h3 Rxd2 22. Qxd2 c5 23. bxc5 Qxc5 24. Nc2 Rg3 25. Bxe6 fxe6 26. Rxf6 Rxc3
27. Ne1 Qd4 28. Rf8+ Nc8 29. Qg5 Qxe4 30. Nf3 Rc5 31. Qe7 Qc6 32. Rh8 a5 33. a4
Rd5 34. Qxh7 Qc1+ 35. Kh2 Qf4+ 36. Kg1 Qc1+ 37. Kh2 Qf4+ 38. Kg1 e4 39. Qg8
Qc1+ 0-1

[Event "Lliga Catalana DH "]
[Site "?"]
[Date "2018.03.10"]
[Round "8.2"]
[White "Gual Pascual, Antonio"]
[Black "Granados Gomez, Manel"]
[Result "1-0"]
[WhiteElo "2485"]
[BlackElo "2446"]
[PlyCount "75"]
[EventDate "2018.??.??"]
[SourceDate "2018.01.21"]
[WhiteTeam "PEC"]
[BlackTeam "FOM"]

1. d4 d5 2. Bf4 Nf6 3. e3 c5 4. Nf3 Nc6 5. Nbd2 cxd4 6. exd4 Bf5 7. c3 h6 8.
Qb3 Na5 9. Qa4+ Bd7 10. Qc2 Rc8 11. Bd3 Qb6 12. Ne5 Bb5 13. Bg6 fxg6 14. Qxg6+
Kd8 15. Nf7+ Kd7 16. Nf3 Qe6+ 17. N3e5+ Kc7 18. O-O-O Kb6 19. Rhe1 Ka6 20. Nxh8
Be8 21. Qd3+ Bb5 22. Qc2 g5 23. Bg3 Ne4 24. f3 Nxg3 25. hxg3 Bg7 26. Nhg6 Be8
27. f4 Qd6 28. f5 b6 29. b4 Bxg6 30. Nxg6 Nc6 31. Kb1 Bf6 32. Qd3+ Kb7 33. Re6
Qd7 34. Rde1 Rc7 35. Ne5 Bxe5 36. dxe5 d4 37. Qe4 dxc3 38. Rxc6 1-0

[Event "Lliga Catalana DH "]
[Site "?"]
[Date "2018.03.10"]
[Round "8.3"]
[White "Mestre Bellido, Hector"]
[Black "Djuric, Stefan"]
[Result "1-0"]
[WhiteElo "2353"]
[BlackElo "2470"]
[PlyCount "81"]
[EventDate "2018.??.??"]
[SourceDate "2018.01.21"]
[WhiteTeam "FOM"]
[BlackTeam "PEC"]

1. Nf3 g6 2. e4 Bg7 3. d4 c6 4. Nc3 d5 5. Bg5 a6 6. Qd2 h6 7. Bf4 b5 8. Bd3 e6
9. h4 Nd7 10. O-O Ne7 11. Rfe1 Nf6 12. a3 Bb7 13. Be5 Nh5 14. g4 Bxe5 15. Nxe5
Ng7 16. Qf4 f5 17. exf5 gxf5 18. gxf5 Ngxf5 19. Ng6 Rg8 20. Rxe6 Rxg6+ 21. Rxg6
Nxg6 22. Re1+ Nge7 23. Bxf5 Bc8 24. Bg6+ Kd7 25. Qf7 Kd6 26. Qf6+ Kd7 27. Qe6+
Kc7 28. Qxe7+ Qxe7 29. Rxe7+ Kd6 30. Re8 c5 31. dxc5+ Kxc5 32. b4+ Kd6 33. Nxd5
Ra7 34. Rxc8 Kxd5 35. Rc5+ Kd6 36. f4 Rb7 37. Kf2 Rg7 38. h5 Re7 39. f5 Re4 40.
Rc3 Rh4 41. f6 1-0

[Event "Lliga Catalana DH "]
[Site "?"]
[Date "2018.03.10"]
[Round "8.4"]
[White "Alonso Garcia, Rene Marcial"]
[Black "Torrecillas Martinez, Antonio"]
[Result "1/2-1/2"]
[WhiteElo "2424"]
[BlackElo "2384"]
[PlyCount "76"]
[EventDate "2018.??.??"]
[SourceDate "2018.01.21"]
[WhiteTeam "PEC"]
[BlackTeam "FOM"]

1. d4 Nf6 2. Nf3 g6 3. c4 Bg7 4. Nc3 d5 5. cxd5 Nxd5 6. e4 Nxc3 7. bxc3 c5 8.
Rb1 O-O 9. Be2 Nc6 10. d5 Bxc3+ 11. Bd2 Bxd2+ 12. Qxd2 Na5 13. h4 Bg4 14. h5
Bxf3 15. gxf3 e5 16. hxg6 fxg6 17. Qc3 Rc8 18. Qxe5 Re8 19. Qc3 b6 20. Rd1 Qd6
21. Qe3 c4 22. f4 Qb4+ 23. Kf1 c3 24. Qh3 Rc7 25. Bd3 Nc4 26. Kg2 Nd2 27. Rde1
Qd6 28. Qh6 Rf8 29. Rh4 Rf6 30. f3 g5 31. e5 Rxh6 32. exd6 Rxd6 33. Re8+ Kf7
34. Rxh7+ Kxe8 35. Rxc7 Rxd5 36. Rxc3 gxf4 37. Kf2 b5 38. Ke2 Nc4 1/2-1/2

[Event "Lliga Catalana DH "]
[Site "?"]
[Date "2018.03.10"]
[Round "8.5"]
[White "Arias Boo, Guillermo"]
[Black "Escandell Mari, Juan Carlos"]
[Result "0-1"]
[WhiteElo "2359"]
[BlackElo "2351"]
[PlyCount "114"]
[EventDate "2018.??.??"]
[SourceDate "2018.01.21"]
[WhiteTeam "FOM"]
[BlackTeam "PEC"]

1. d4 Nf6 2. Bg5 Ne4 3. Bf4 d5 4. f3 Nf6 5. e4 e6 6. e5 Nfd7 7. Be3 c5 8. c3
Nc6 9. f4 Qb6 10. Qd2 cxd4 11. cxd4 Bb4 12. Nc3 Na5 13. Rc1 Nf8 14. Bd3 Bd7 15.
Nge2 Ng6 16. O-O Ne7 17. Ng3 g6 18. Qe2 Rc8 19. Nb1 Nf5 20. Nxf5 exf5 21. Rxc8+
Bxc8 22. a3 Be7 23. Nc3 Be6 24. Qf3 Qb3 25. Bb5+ Nc6 26. Ba4 Qxb2 27. Nxd5 Qxa3
28. Bxc6+ bxc6 29. Nxe7 Kxe7 30. Qf2 Bd5 31. Rb1 Rd8 32. Bd2 Qd3 33. Bb4+ Ke8
34. Re1 Rb8 35. Bc5 Rb1 36. h3 a5 37. Qh4 Rxe1+ 38. Qxe1 Qc2 39. Qg3 Kd7 40.
Qf2 Qb1+ 41. Kh2 Qa2 42. Kg1 a4 43. Qxa2 Bxa2 44. Kf2 Ke6 45. Ke3 Kd5 46. g3
Kc4 47. Kd2 Bb1 48. Kc1 Be4 49. Kb2 Bf3 50. Kc2 Be2 51. Kd2 Bf1 52. h4 Kb3 53.
d5 cxd5 54. Bd4 a3 55. Kc1 Kc4 56. Ba1 Kd3 57. Kd1 Ke3 0-1

[Event "Lliga Catalana DH "]
[Site "?"]
[Date "2018.03.10"]
[Round "8.6"]
[White "Bru Rullo, Llatzer"]
[Black "Garrido Fernandez, Daniel"]
[Result "0-1"]
[WhiteElo "2315"]
[BlackElo "2304"]
[PlyCount "74"]
[EventDate "2018.??.??"]
[SourceDate "2018.01.21"]
[WhiteTeam "PEC"]
[BlackTeam "FOM"]

1. d4 f5 2. Nf3 Nf6 3. g3 g6 4. Bg2 Bg7 5. O-O O-O 6. b3 b6 7. Bb2 Bb7 8. c4
Ne4 9. Qc2 e6 10. Nbd2 Nxd2 11. Qxd2 d6 12. Rfd1 Qe7 13. d5 e5 14. e3 g5 15.
Ne1 f4 16. exf4 gxf4 17. gxf4 Rxf4 18. Nd3 Rg4 19. f3 Rg6 20. f4 Nd7 21. fxe5
Nxe5 22. Nxe5 Bxe5 23. Re1 Rf8 24. Bxe5 dxe5 25. Re2 Qg7 26. Kh1 Kh8 27. Rae1
Rg8 28. Rf1 Bc8 29. Rff2 Bh3 30. Kg1 e4 31. Qb2 e3 32. Qxg7+ R6xg7 33. Rxe3
Bxg2 34. Rg3 Be4 35. Rxg7 Rxg7+ 36. Kf1 Kg8 37. Ke1 Rg1+ 0-1

[Event "Lliga Catalana DH "]
[Site "?"]
[Date "2018.03.10"]
[Round "8.7"]
[White "Llaneza Vega, Patricia"]
[Black "Castellet Giralt, Gabriel"]
[Result "0-1"]
[WhiteElo "2298"]
[BlackElo "2322"]
[PlyCount "80"]
[EventDate "2018.??.??"]
[SourceDate "2018.01.21"]
[WhiteTeam "FOM"]
[BlackTeam "PEC"]

1. e4 c5 2. Nf3 g6 3. d4 cxd4 4. Qxd4 Nf6 5. e5 Nc6 6. Qa4 Nd5 7. Qe4 Nc7 8.
Nc3 Bg7 9. Bf4 O-O 10. O-O-O Rb8 11. h4 b5 12. h5 b4 13. hxg6 fxg6 14. Rxh7
Kxh7 15. Ng5+ Kg8 16. Bc4+ e6 17. Qxg6 Rxf4 18. Rh1 Qxg5 19. Qxg5 Rxc4 20. Ne2
Bb7 21. Nf4 Rf8 22. Nh5 Ne8 23. Nf6+ Nxf6 24. exf6 Rxf6 25. b3 Rc3 26. Rh4 Rxf2
27. Rg4 Rf7 28. Kd1 Ne7 29. Rxb4 Rc7 30. Rg4 d6 31. Qb5 Nc6 32. Qg5 Rf1+ 33.
Ke2 Rcf7 34. c3 Ba6+ 35. c4 R1f5 36. Qh4 d5 37. Qg3 Ne5 38. Rh4 dxc4 39. bxc4
Bxc4+ 40. Ke3 Rd7 0-1

[Event "Lliga Catalana DH "]
[Site "?"]
[Date "2018.03.10"]
[Round "8.8"]
[White "Oliva Valero, Oscar"]
[Black "Chalmeta Ugas, Jordi"]
[Result "1/2-1/2"]
[WhiteElo "2298"]
[BlackElo "2293"]
[PlyCount "164"]
[EventDate "2018.??.??"]
[SourceDate "2018.01.21"]

1. e4 e6 2. d4 d5 3. Nc3 Nf6 4. Bg5 Bb4 5. e5 h6 6. Bd2 Bxc3 7. bxc3 Ne4 8. Qg4
g6 9. h4 c5 10. Bd3 Nxd2 11. Kxd2 Nc6 12. Nf3 c4 13. Be2 Bd7 14. Rhb1 b6 15.
Qf4 Qe7 16. a4 O-O-O 17. g3 Rdg8 18. Rh1 Kb7 19. Qe3 Rf8 20. Nh2 h5 21. f4 Na5
22. Rhb1 Kc7 23. Nf3 Qe8 24. Rb4 Nc6 25. Rb2 Na5 26. Rba2 Qe7 27. Ng5 Rb8 28.
Qf2 Nc6 29. g4 hxg4 30. Bxg4 b5 31. axb5 Rxb5 32. Rh1 Rhb8 33. h5 gxh5 34. Rxh5
R8b7 35. Rh7 Nd8 36. Bh5 Be8 37. Qg3 Kb6 38. f5 exf5 39. Qf4 Rb1 40. Qxf5 Bd7
41. e6 Bxe6 42. Qf4 Bg4 43. Rh6+ Kb5 44. Qe5 Qxe5 45. dxe5 Bxh5 46. Rxh5 Nc6
47. Nf3 Kc5 48. Ra6 R7b6 49. Ra4 a5 50. Rf5 Rb7 51. Rf6 Re7 52. Rf5 Rb8 53. Ke3
Rbe8 54. Kf4 Ra8 55. Rf6 Rb7 56. Ng5 Nd8 57. Ke3 Raa7 58. Nf3 Rb6 59. Rf5 Nc6
60. Rh5 Rb2 61. Kd2 Re7 62. Ra1 Rb8 63. Rh6 Ra8 64. Rh5 a4 65. Ra3 Kb5 66. Rf5
Rae8 67. Ra1 Nxe5 68. Nxe5 Rxe5 69. Rxf7 Re2+ 70. Kc1 Re1+ 71. Kb2 Rxa1 72.
Kxa1 Ra8 73. Ka2 Kc5 74. Ka3 Kd6 75. Rf4 Ke5 76. Rf2 Ke4 77. Re2+ Kf4 78. Re7
Ra6 79. Re8 Ra7 80. Re6 Kf5 81. Re8 Ra6 82. Re1 Ra7 1/2-1/2

[Event "Lliga Catalana DH "]
[Site "?"]
[Date "2018.03.10"]
[Round "8.9"]
[White "De la Riva Aguado, Jordi"]
[Black "Valencia Jimenez, Jose"]
[Result "0-1"]
[WhiteElo "2309"]
[BlackElo "2263"]
[PlyCount "63"]
[EventDate "2018.??.??"]
[SourceDate "2018.01.21"]
[WhiteTeam "FOM"]
[BlackTeam "PEC"]

1. e4 g6 2. d4 Bg7 3. Nf3 c6 4. Nc3 d5 5. h3 dxe4 6. Nxe4 Nd7 7. Bc4 Ngf6 8.
Ng3 O-O 9. O-O Qc7 10. Re1 e6 11. Bb3 c5 12. c3 b6 13. Ne5 Nxe5 14. dxe5 Nd7
15. f4 c4 16. Bc2 Nc5 17. Qe2 Ba6 18. Rb1 Rad8 19. Be3 f6 20. exf6 Bxf6 21. Ne4
Bh4 22. Nxc5 bxc5 23. Red1 e5 24. Rxd8 Bxd8 25. fxe5 Qxe5 26. Rf1 Re8 27. Rf3
Bb7 28. Qxc4+ Bd5 29. Qxc5 Bb6 30. Qxd5+ Qxd5 31. Bb3 Qxb3 32. axb3 0-1

[Event "Lliga Catalana DH "]
[Site "?"]
[Date "2018.03.10"]
[Round "8.10"]
[White "Garcia Acosta, Roger"]
[Black "Heredia Tarrats, Amadeu"]
[Result "0-1"]
[WhiteElo "2220"]
[BlackElo "2219"]
[PlyCount "98"]
[EventDate "2018.??.??"]
[SourceDate "2018.01.21"]
[WhiteTeam "PEC"]
[BlackTeam "FOM"]

1. e4 e6 2. d4 d5 3. Nc3 Bb4 4. e5 c5 5. a3 Ba5 6. Nf3 Nc6 7. Be3 cxd4 8. Bxd4
Nxd4 9. Qxd4 Ne7 10. Bb5+ Bd7 11. O-O Bxc3 12. Bxd7+ Qxd7 13. Qxc3 Rc8 14. Qd3
Qc7 15. Rac1 Qc4 16. Qe3 b6 17. Nd4 O-O 18. Rfd1 Rc7 19. Rd3 Rfc8 20. Rcd1 Nc6
21. Rc3 Qa6 22. Qg5 h6 23. Qh4 Kh7 24. Nf3 Na5 25. Ng5+ Kg8 26. Rxc7 Rxc7 27.
Nxe6 Rd7 28. Nd4 Nc4 29. Re1 Qa5 30. b4 Qxa3 31. Qg4 Nxe5 32. Qf5 Re7 33. h3 f6
34. Qc8+ Kh7 35. Qf5+ Kg8 36. Qc8+ Kf7 37. c3 Qa2 38. Rf1 Qc4 39. Qh8 Qd3 40.
Qd8 Rd7 41. Qc8 Qc4 42. Qh8 Ng6 43. Qa8 Qxc3 44. Nc6 Ne5 45. b5 Nxc6 46. bxc6
Rc7 47. Qd8 Qxc6 48. Re1 Qd7 49. Qh8 d4 0-1

[Event "Lliga Catalana DH "]
[Site "Barcelona"]
[Date "2018.03.10"]
[Round "8.1"]
[White "Peralta, Fernando"]
[Black "Movsziszian, Karen"]
[Result "1/2-1/2"]
[WhiteElo "2593"]
[BlackElo "2562"]
[PlyCount "65"]
[EventDate "2018.??.??"]
[SourceDate "2018.01.21"]
[WhiteTeam "EEB"]
[BlackTeam "SAN"]

1. d4 d6 2. Nf3 g6 3. c4 Bg7 4. Nc3 Nf6 5. e4 O-O 6. h3 a5 7. Be3 Na6 8. g4 c6
9. Bg2 b5 10. cxb5 cxb5 11. Nd2 Rb8 12. O-O b4 13. Na4 Bd7 14. Rc1 Bb5 15. Re1
Nd7 16. b3 e5 17. Nc4 Bxc4 18. Rxc4 Nc7 19. d5 Nb5 20. Rc6 f5 21. gxf5 gxf5 22.
exf5 Rxf5 23. Qg4 Rf7 24. Nb2 Kh8 25. Nc4 Nf8 26. Qh5 Rbb7 27. Qg4 Rbd7 28. Nb6
Rc7 29. Nc4 Rcd7 30. Nb6 Rc7 31. Nc4 Rcd7 32. Nb6 Kg8 33. Nc4 1/2-1/2

[Event "Lliga Catalana DH "]
[Site "Barcelona"]
[Date "2018.03.10"]
[Round "8.2"]
[White "Muñoz Pantoja, Miguel"]
[Black "Moskalenko, Viktor"]
[Result "1/2-1/2"]
[WhiteElo "2527"]
[BlackElo "2588"]
[PlyCount "41"]
[EventDate "2018.??.??"]
[SourceDate "2018.01.21"]
[WhiteTeam "SAN"]
[BlackTeam "EEB"]

1. e4 d6 2. g3 g6 3. Bg2 Bg7 4. Ne2 Nf6 5. d4 O-O 6. O-O e5 7. h3 exd4 8. Nxd4
Re8 9. Nc3 Nbd7 10. Re1 a6 11. g4 d5 12. Nde2 Nxe4 13. Nxd5 c6 14. Ndc3 Nxc3
15. Nxc3 Rxe1+ 16. Qxe1 Nf6 17. Bg5 h6 18. Rd1 Qf8 19. Bf4 Be6 20. Bd6 Qe8 21.
Be5 1/2-1/2

[Event "Lliga Catalana DH "]
[Site "Barcelona"]
[Date "2018.03.10"]
[Round "8.3"]
[White "Aroshidze, Levan"]
[Black "Dominguez, Eric"]
[Result "1/2-1/2"]
[WhiteElo "2557"]
[BlackElo "2447"]
[PlyCount "85"]
[EventDate "2018.??.??"]
[SourceDate "2018.01.21"]
[WhiteTeam "EEB"]
[BlackTeam "SAN"]

1. e4 c5 2. Nf3 d6 3. d4 cxd4 4. Nxd4 Nf6 5. Nc3 a6 6. f3 e5 7. Nb3 Be6 8. Be3
Nbd7 9. Qd2 Be7 10. g4 O-O 11. O-O-O b5 12. g5 Nh5 13. Kb1 Nb6 14. Na5 Qc7 15.
Rg1 Rac8 16. Nd5 Bxd5 17. exd5 Nxd5 18. Qxd5 Qxa5 19. c4 Rb8 20. Rg4 Rfc8 21.
cxb5 axb5 22. a4 Nf4 23. Bxf4 Qxa4 24. Rc1 exf4 25. Rxc8+ Rxc8 26. Bxb5 Qc2+
27. Ka2 Qc5 28. Qxc5 Rxc5 29. Bd3 Ra5+ 30. Kb3 Bxg5 31. Rg2 Bf6 32. Re2 g5 33.
Kb4 Ra2 34. b3 Rxe2 35. Bxe2 Bd4 36. Kc4 Bg1 37. h3 Kg7 38. b4 f5 39. Kd5 Kf6
40. Kxd6 h5 41. Kd5 Be3 42. b5 Ba7 43. Bd1 1/2-1/2

[Event "Lliga Catalana DH "]
[Site "Barcelona"]
[Date "2018.03.10"]
[Round "8.4"]
[White "Akbarinia, Sayed Arash"]
[Black "Narciso Dublan, Marc"]
[Result "0-1"]
[WhiteElo "2387"]
[BlackElo "2535"]
[PlyCount "76"]
[EventDate "2018.??.??"]
[SourceDate "2018.01.21"]
[WhiteTeam "SAN"]
[BlackTeam "EEB"]

1. Nf3 d5 2. d4 Nf6 3. c4 c6 4. e3 Bf5 5. Nc3 e6 6. Bd3 Bg6 7. Qe2 Nbd7 8. O-O
Bb4 9. a3 Bxc3 10. bxc3 Qa5 11. cxd5 Bxd3 12. Qxd3 cxd5 13. Rb1 Nb6 14. Rb5 Qa6
15. Ne5 O-O 16. f3 Nc4 17. Qb1 Nxe5 18. dxe5 Nd7 19. f4 b6 20. f5 Nc5 21. f6
Ne4 22. Rb4 Nxc3 23. Qb2 Rfc8 24. Rg4 g6 25. Re1 Qd3 26. Rd4 Qf5 27. Rf1 Qxe5
28. Qf2 Ne4 29. Qh4 Nxf6 30. Qf2 Rxc1 31. Rxc1 Ne4 32. Qc2 Nd6 33. Rd3 Rc8 34.
Qd1 Rc5 35. Rb1 Rc4 36. h3 Ne4 37. Rc1 b5 38. Rb3 Nc3 0-1

[Event "Lliga Catalana DH "]
[Site "Barcelona"]
[Date "2018.03.10"]
[Round "8.5"]
[White "Matnadze, Ana"]
[Black "Colon Garcia, Enrique"]
[Result "1-0"]
[WhiteElo "2482"]
[BlackElo "2406"]
[PlyCount "105"]
[EventDate "2018.??.??"]
[SourceDate "2018.01.21"]
[WhiteTeam "EEB"]
[BlackTeam "SAN"]

1. Nf3 Nf6 2. c4 e6 3. d4 b6 4. g3 Be7 5. Bg2 c6 6. O-O d5 7. Qc2 O-O 8. Rd1
Bb7 9. Nc3 Nbd7 10. e4 Rc8 11. e5 Ne8 12. b3 Nc7 13. h4 h6 14. Nh2 c5 15. dxc5
Bxc5 16. Bf4 Ba8 17. Qe2 Bb4 18. Nb5 Nxb5 19. cxb5 Qe7 20. Ng4 Rfe8 21. Bf1 f5
22. exf6 Nxf6 23. Nxf6+ Qxf6 24. Be5 Qf5 25. Rd3 Rf8 26. g4 Qf7 27. Bg2 Be7 28.
Bg3 Bf6 29. Rad1 Rc3 30. Rxc3 Bxc3 31. Rd3 Bf6 32. f4 Be7 33. g5 Bc5+ 34. Kh2
Bd6 35. Bh3 Kh8 36. gxh6 gxh6 37. Bxe6 Qf6 38. Kh3 Bxf4 39. Rf3 Qd4 40. Rxf4
Rxf4 41. Qh5 Qf6 42. Bxf4 Qxe6+ 43. Qg4 Qxg4+ 44. Kxg4 Bb7 45. Bxh6 a6 46. Be3
axb5 47. Bxb6 Kg7 48. Kf5 Kf7 49. Ke5 Kg6 50. Bf2 Ba8 51. Kd4 Kf5 52. Kc5 Ke4
53. h5 1-0

[Event "Lliga Catalana DH "]
[Site "Barcelona"]
[Date "2018.03.10"]
[Round "8.6"]
[White "Subirats Ruiz, Sergi"]
[Black "Grafl, Florian"]
[Result "1-0"]
[WhiteElo "2284"]
[BlackElo "2421"]
[PlyCount "79"]
[EventDate "2018.??.??"]
[SourceDate "2018.01.21"]
[WhiteTeam "SAN"]
[BlackTeam "EEB"]

1. e4 Nc6 2. Nc3 Nf6 3. f4 d5 4. e5 d4 5. exf6 dxc3 6. fxg7 cxd2+ 7. Qxd2 Qxd2+
8. Bxd2 Bxg7 9. O-O-O Be6 10. b3 a5 11. Bb5 O-O 12. Nf3 Nb4 13. a3 Na2+ 14. Kb1
c6 15. Be2 Nc3+ 16. Bxc3 Bxc3 17. Nd4 Bd5 18. Rd3 Bxd4 19. Rxd4 e6 20. Rhd1 c5
21. R4d3 a4 22. Kb2 axb3 23. cxb3 Rfc8 24. f5 Rc6 25. fxe6 Bxe6 26. Rd6 Rb8 27.
Rxc6 bxc6 28. Rd3 Kf8 29. Rc3 Bd5 30. Bf3 c4 31. b4 Ke7 32. g3 Kd6 33. Be2 c5
34. Bxc4 Bc6 35. Rb3 cxb4 36. axb4 Be4 37. Kc3 f5 38. Ra3 h5 39. Ra6+ Ke5 40.
Re6# 1-0

[Event "Lliga Catalana DH "]
[Site "Barcelona"]
[Date "2018.03.10"]
[Round "8.7"]
[White "Hernando Rodrigo, Julio Antonio"]
[Black "Pueyo Burrell, David"]
[Result "1-0"]
[WhiteElo "2397"]
[BlackElo "2219"]
[PlyCount "55"]
[EventDate "2018.??.??"]
[SourceDate "2018.01.21"]
[WhiteTeam "EEB"]
[BlackTeam "SAN"]

1. d4 g6 2. c4 Bg7 3. Nc3 d6 4. e4 Nf6 5. h3 O-O 6. Nf3 a5 7. Bg5 Na6 8. Be2 c6
9. g4 Rb8 10. Qd2 Re8 11. O-O-O Nc7 12. Qe3 Nd7 13. Bh6 Bh8 14. e5 dxe5 15.
Nxe5 Ne6 16. f4 Nxe5 17. dxe5 Qc7 18. f5 Bxe5 19. fxe6 Bxe6 20. Rhf1 b5 21. Bf4
Bxf4 22. Qxf4 Qb6 23. cxb5 cxb5 24. Bxb5 Rec8 25. a4 Bb3 26. Rd2 Bxa4 27. Qxa4
Qxb5 28. Rd8+ 1-0

[Event "Lliga Catalana DH "]
[Site "Barcelona"]
[Date "2018.03.10"]
[Round "8.8"]
[White "Anguera Maestro, Jaume"]
[Black "Chueca Forcen, Alberto"]
[Result "0-1"]
[WhiteElo "2212"]
[BlackElo "2361"]
[PlyCount "82"]
[EventDate "2018.??.??"]
[SourceDate "2018.01.21"]
[WhiteTeam "SAN"]
[BlackTeam "EEB"]

1. d4 d5 2. Nf3 Nf6 3. Bf4 c5 4. e3 Nc6 5. c3 Qb6 6. Qb3 c4 7. Qxb6 axb6 8. Na3
Bf5 9. Nb5 Ra5 10. a4 h6 11. Be2 Bc2 12. Bd1 Bxd1 13. Kxd1 Kd7 14. Nd2 e6 15.
b3 cxb3 16. Nxb3 Ra8 17. f3 Be7 18. h3 Rhc8 19. g4 Na5 20. Nxa5 Rxa5 21. Kc2
Ne8 22. Rhb1 Rca8 23. Kb3 Bg5 24. Bxg5 hxg5 25. Rc1 Nd6 26. Nxd6 Kxd6 27. c4
dxc4+ 28. Rxc4 b5 29. Rb4 bxa4+ 30. Ka2 b5 31. Rc1 Rh8 32. Rc5 f6 33. Rb2 Rxh3
34. e4 Rxf3 35. Rbc2 Ra7 36. Rxb5 Ke7 37. e5 Rd7 38. exf6+ gxf6 39. Rh2 Rxd4
40. Rb6 Kf7 41. Re2 e5 0-1

[Event "Lliga Catalana DH "]
[Site "Barcelona"]
[Date "2018.03.10"]
[Round "8.9"]
[White "Avila Jimenez, Xavier"]
[Black "Niemeijer, Thomas"]
[Result "1-0"]
[WhiteElo "2318"]
[BlackElo "2182"]
[PlyCount "61"]
[EventDate "2018.??.??"]
[SourceDate "2018.01.21"]
[WhiteTeam "EEB"]
[BlackTeam "SAN"]

1. d4 Nf6 2. Bg5 d5 3. e3 e6 4. Bd3 Be7 5. Nd2 Nbd7 6. f4 c5 7. c3 Qc7 8. Qe2
h6 9. Bh4 c4 10. Bc2 b5 11. Ngf3 Bb7 12. O-O Nb6 13. Ne5 Ne4 14. Bxe7 Qxe7 15.
f5 exf5 16. Rxf5 Nd6 17. Ng6 Nxf5 18. Nxe7 Nxe7 19. e4 O-O-O 20. Qg4+ Nd7 21.
a4 a6 22. axb5 axb5 23. Ra5 Bc6 24. Qf4 Kb7 25. Qxf7 Rde8 26. e5 g5 27. Nf3 Kb6
28. Ra1 Rhf8 29. Qh5 Rh8 30. Rf1 Nf8 31. Nxg5 1-0

[Event "Lliga Catalana DH "]
[Site "Barcelona"]
[Date "2018.03.10"]
[Round "8.10"]
[White "Travesset Sagré, Jan"]
[Black "Orteu Capdevila, Max"]
[Result "0-1"]
[WhiteElo "2049"]
[BlackElo "2213"]
[PlyCount "58"]
[EventDate "2018.??.??"]
[SourceDate "2018.01.21"]
[WhiteTeam "SAN"]
[BlackTeam "EEB"]

1. Nf3 Nf6 2. c4 e6 3. g3 c5 4. Bg2 a6 5. b3 d6 6. Bb2 Be7 7. O-O Qc7 8. d4
cxd4 9. Qxd4 b6 10. Nc3 Bb7 11. Rad1 O-O 12. h3 Nbd7 13. Rfe1 Rac8 14. e4 Rfd8
15. Nh2 Bf8 16. Qe3 Bc6 17. Ne2 Re8 18. Qf4 b5 19. Rc1 Qb7 20. cxb5 axb5 21.
Ng4 Nxg4 22. Qxg4 Ne5 23. Bxe5 dxe5 24. Rc2 f5 25. Qg5 Bxe4 26. Bxe4 Qxe4 27.
Rxc8 Rxc8 28. Kf1 Rc2 29. Qd8 Rxe2 0-1